000
00306 a2200109 4500
001
ART_19027
005
20260410161920.0
008
260409a
245
1
0
_a
Actualidad laboral
100
1
_a
Rubio, Valentín
773
0
_t
La información
_g
- Tomo XXXVIII, Nº 585 (ago. 1978)
_w
REV14902
999
_c
27647
_d
27647